| 000 | 00872nam a2200325 a 4500 | ||
|---|---|---|---|
| 003 | AR-BaBNM | ||
| 005 | 20251128210607.0 | ||
| 008 | 082120s2002 ||||||||||||||000 | spa|| | ||
| 020 | _a987-97141-0-5 | ||
| 040 | _cAR-BaBNM | ||
| 100 | 1 | _aBianchi, Héctor J. | |
| 245 | 0 | 0 | _aLanús y sus orígenes |
| 260 |
_aBuenos Aires _bEl autor _c[s.f.] |
||
| 300 |
_a126 p. _bláms. |
||
| 500 | _aContiene referencias bibliográficas | ||
| 650 | 4 | _aHISTORIA DE BUENOS AIRES | |
| 650 | 4 | _aCOSTUMBRES Y TRADICIONES | |
| 650 | 4 | _aHISTORIA DE BUENOS AIRES | |
| 650 | 4 | _aBIENES CULTURALES | |
| 650 | 4 | _aARQUITECTURA | |
| 650 | 4 | _aURBANISMO | |
| 650 | 4 | _aEDIFICIOS | |
| 650 | 4 | _aVIDA SOCIAL | |
| 650 | 4 | _aVIDA CULTURAL | |
| 650 | 4 | _aSOCIOLOGIA | |
| 650 | 4 | _aINMIGRACION EN ARGENTINA | |
| 700 | 1 |
_aBianchi, Luis H. _ecolaborador |
|
| 942 | _cBK | ||
| 998 | _cMariana | ||
| 999 |
_c16090 _d16090 |
||